000 00586nab a2200169Ia 4500
003 ES-SlBCS
005 20210601142548.0
008 140529s2000 xxu||||| |||| 00| 0 spa d
041 _aspa
100 1 _aDoyle, Laurance R.
_9123510
245 0 0 _aSombras de otras Tierras
_c Laurance R. Doyle, Hans-Jörg Deeg, Timothy M. Brown
650 0 4 _aAstronomía-Cosmología
_9272021
700 1 _aBrown, Timothy M.
_9272807
700 1 _aDeeg, Hans-Jörg
_9272808
773 0 _tInvestigacion y Ciencia (Traducción de: Scientific American)
_gnº. 290, 2000, págs. 14-22
_wRev1650
942 _cAR
999 _c678767
_d678767